Fimfárum Jana Wericha : Paleček a čtyři další pohádky
Uloženo v:
| Hlavní autor: | |
|---|---|
| Médium: | E-audiokniha |
| Jazyk: | Czech |
| Vydáno: |
Praha :
Supraphon,
[2006]
|
| Témata: | |
| Tagy: |
Žádné tagy |
| LEADER | 02078nim a2200517 i 4500 | ||
|---|---|---|---|
| 001 | 313204 | ||
| 003 | CZ PrSKC | ||
| 005 | 20260601215737.0 | ||
| 007 | sd fmngnnmmned | ||
| 008 | 160627t20061956xr nnnnj fh n cze d | ||
| 024 | 1 | |a 099925566128 | |
| 024 | 3 | |a 0999255661282 | |
| 028 | 0 | 1 | |a SU 5661-2 |b Supraphon |
| 040 | |a CBA001 |b cze |e rda | ||
| 072 | 7 | |a 821-93 |x Literatura pro děti a mládež (beletrie) |2 Konspekt | |
| 072 | 7 | |a 821.162.3-3 |x Česká próza |2 Konspekt | |
| 080 | |a 821.162.3-34 |2 MRF | ||
| 080 | |a (086.7.053.2) |2 MRF | ||
| 080 | |a (086.76) |2 MRF | ||
| 100 | 1 | |a Werich, Jan, |d 1905-1980 |7 jk01151601 |4 aut | |
| 245 | 1 | 0 | |a Fimfárum Jana Wericha : |b Paleček a čtyři další pohádky |
| 246 | 3 | 0 | |a Paleček a čtyři další pohádky |
| 264 | 1 | |a Praha : |b Supraphon, |c [2006] | |
| 264 | 4 | |c ℗2006 | |
| 300 | |a 2 CD audio (63:22 ; 56:30) ; |c 12 cm + |e 2 přílohy | ||
| 306 | |a 010322 |a 005630 | ||
| 336 | |a mluvené slovo |b spw |2 rdacontent | ||
| 337 | |a audio |b s |2 rdamedia | ||
| 338 | |a audiodisk |b sd |2 rdacarrier | ||
| 344 | |a digital |2 rda | ||
| 347 | |a audio soubor |b CD audio |2 rda | ||
| 500 | |a Výběr a sestava této kompilace Jiří Tušl | ||
| 500 | |a Původní fonogramy 1956, 1961, 1963 a 1967 Supraphon | ||
| 500 | |a Název z disku | ||
| 505 | 0 | |a Moře, strýčku, proč je slané? -- Tři sestry a jeden prsten -- O třech hrbáčích z Damašku -- Paleček -- Rozum a štěstí | |
| 511 | 0 | |a Vypráví Jan Werich | |
| 650 | 0 | 4 | |a mluvené slovo |
| 655 | 7 | |a české pohádky |7 fd133970 |2 czenas | |
| 655 | 7 | |a zvukové záznamy pro děti a mládež |7 fd186726 |2 czenas | |
| 655 | 7 | |a audioknihy |7 fd119452 |2 czenas | |
| 655 | 7 | |a kompaktní disky |7 fd201991 |2 czenas | |
| 900 | |a CBA001 |b 17 | ||
| 044 | |a xr | ||
| 910 | |a RBIT002 | ||
| 998 | |d 393771 |a https://core.palmknihy.cz/api/books/393771/cover?s5pe0d |b https://core.palmknihy.cz/api/books/393771/cover/400?s5pe0d |c https://core.palmknihy.cz/api/books/393771/cover/50?s5pe0d |e 2099-01-01 |i 099925566128 |l 7194 |q 49 |r 1 |s https://www.palmknihy.cz/kniha/393771 |t audiobook |y 2006 |z 0 | ||
| 999 | |d 313202 | ||